[Event "English Womens Championships 2024"]
[Site "Kenilworth, United Kingdom"]
[Date "2024.06.21"]
[Round "4.3"]
[White "Longson, Sarah N"]
[Black "Dicen, Elis Denele"]
[Result "0-1"]
[TimeControl "G:90 minutes + 30 seconds added per move"]
[WhiteFideId "2501465"]
[BlackFideId "462560"]
[WhiteElo "1981"]
[BlackElo "2073"]

1. e4 {[%clk 01:28:49]} {[%emt 00:02:04]} c5 {[%clk 01:30:57]} {[%emt
00:00:10]} 2. Nf3 {[%clk 01:28:42]} {[%emt 00:00:36]} a6 {[%clk 01:31:16]}
{[%emt 00:00:12]} 3. g3 {[%clk 01:27:52]} {[%emt 00:01:20]} Nc6 {[%clk
01:31:16]} {[%emt 00:00:30]} 4. Bg2 {[%clk 01:25:28]} {[%emt 00:02:54]} e5
{[%clk 01:30:29]} {[%emt 00:01:17]} 5. O-O {[%clk 01:24:16]} {[%emt 00:01:42]}
Nf6 {[%clk 01:30:17]} {[%emt 00:00:42]} 6. d3 {[%clk 01:24:04]} {[%emt
00:00:42]} Be7 {[%clk 01:29:48]} {[%emt 00:00:58]} 7. Bg5 {[%clk 01:22:28]}
{[%emt 00:02:07]} d6 {[%clk 01:29:18]} {[%emt 00:01:00]} 8. Nc3 {[%clk
01:20:54]} {[%emt 00:02:04]} Be6 {[%clk 01:28:17]} {[%emt 00:01:31]} 9. Bxf6
{[%clk 01:16:37]} {[%emt 00:04:47]} Bxf6 {[%clk 01:28:16]} {[%emt 00:00:30]} 10.
Nd5 {[%clk 01:14:01]} {[%emt 00:03:06]} Bxd5 {[%clk 01:24:27]} {[%emt
00:04:19]} 11. exd5 {[%clk 01:14:29]} {[%emt 00:00:03]} Ne7 {[%clk 01:24:46]}
{[%emt 00:00:11]} 12. Nd2 {[%clk 01:14:05]} {[%emt 00:00:54]} O-O {[%clk
01:22:11]} {[%emt 00:03:04]} 13. a4 {[%clk 01:11:37]} {[%emt 00:02:59]} b6
{[%clk 01:20:48]} {[%emt 00:01:52]} 14. Ne4 {[%clk 01:09:36]} {[%emt 00:02:31]}
Ng6 {[%clk 01:08:27]} {[%emt 00:12:52]} 15. h4 {[%clk 01:05:36]} {[%emt
00:04:31]} Be7 {[%clk 01:05:06]} {[%emt 00:03:50]} 16. h5 {[%clk 01:03:59]}
{[%emt 00:02:07]} Nh8 {[%clk 01:05:17]} {[%emt 00:00:18]} 17. g4 {[%clk
01:00:56]} {[%emt 00:03:35]} f5 {[%clk 00:53:01]} {[%emt 00:12:44]} 18. gxf5
{[%clk 00:59:23]} {[%emt 00:02:04]} Rxf5 {[%clk 00:53:11]} {[%emt 00:00:19]} 19.
Bh3 {[%clk 00:55:50]} {[%emt 00:04:04]} Rf4 {[%clk 00:51:32]} {[%emt 00:02:09]}
20. Be6+ {[%clk 00:55:51]} {[%emt 00:00:30]} Nf7 {[%clk 00:50:49]} {[%emt
00:01:12]} 21. Kg2 {[%clk 00:52:30]} {[%emt 00:03:51]} Ra7 {[%clk 00:44:36]}
{[%emt 00:06:42]} 22. Bxf7+ {[%clk 00:48:42]} {[%emt 00:04:19]} Rxf7 {[%clk
00:44:03]} {[%emt 00:01:03]} 23. Qg4 {[%clk 00:48:01]} {[%emt 00:01:11]} Rf4
{[%clk 00:40:50]} {[%emt 00:03:42]} 24. Qe6+ {[%clk 00:47:15]} {[%emt
00:01:17]} Kh8 {[%clk 00:40:22]} {[%emt 00:00:58]} 25. c4 {[%clk 00:41:57]}
{[%emt 00:05:49]} Bf8 {[%clk 00:38:03]} {[%emt 00:02:47]} 26. Rh1 {[%clk
00:41:19]} {[%emt 00:01:09]} Raf7 {[%clk 00:36:21]} {[%emt 00:02:12]} 27. Rh3
{[%clk 00:38:17]} {[%emt 00:03:32]} Be7 {[%clk 00:34:23]} {[%emt 00:02:29]} 28.
b3 {[%clk 00:34:25]} {[%emt 00:04:22]} Qf8 {[%clk 00:33:39]} {[%emt 00:01:13]}
29. Ra2 {[%clk 00:33:18]} {[%emt 00:01:38]} R7f5 {[%clk 00:31:05]} {[%emt
00:03:03]} 30. Re2 {[%clk 00:27:36]} {[%emt 00:06:13]} Rg4+ {[%clk 00:27:46]}
{[%emt 00:03:48]} 31. Rg3 {[%clk 00:25:28]} {[%emt 00:02:39]} Rh4 {[%clk
00:25:08]} {[%emt 00:03:07]} 32. Ree3 {[%clk 00:21:54]} {[%emt 00:04:04]} Rhxh5
{[%clk 00:22:54]} {[%emt 00:02:44]} 33. Ref3 {[%clk 00:21:38]} {[%emt
00:00:47]} Rf4 {[%clk 00:21:09]} {[%emt 00:02:13]} 34. Rxf4 {[%clk 00:21:33]}
{[%emt 00:00:37]} exf4 {[%clk 00:21:10]} {[%emt 00:00:28]} 35. Rh3 {[%clk
00:19:17]} {[%emt 00:02:47]} Re5 {[%clk 00:20:19]} {[%emt 00:01:19]} 36. Qd7
{[%clk 00:19:11]} {[%emt 00:00:38]} h6 {[%clk 00:17:26]} {[%emt 00:03:23]} 37.
f3 {[%clk 00:12:11]} {[%emt 00:07:30]} Kg8 {[%clk 00:10:43]} {[%emt 00:07:12]}
38. Rh1 {[%clk 00:09:21]} {[%emt 00:03:20]} h5 {[%clk 00:08:53]} {[%emt
00:02:21]} 39. Qb7 {[%clk 00:05:43]} {[%emt 00:04:08]} Qf5 {[%clk 00:05:48]}
{[%emt 00:03:34]} 40. Qxa6 {[%clk 00:03:47]} {[%emt 00:02:26]} Qg6+ {[%clk
00:05:19]} {[%emt 00:00:59]} 41. Kf1 {[%clk 00:03:46]} {[%emt 00:00:31]} Kf7
{[%clk 00:03:34]} {[%emt 00:02:15]} 42. Qxb6 {[%clk 00:03:26]} {[%emt
00:00:51]} Rxe4 {[%clk 00:02:45]} {[%emt 00:01:20]} 43. dxe4 {[%clk 00:02:16]}
{[%emt 00:01:40]} Qg3 {[%clk 00:03:02]} {[%emt 00:00:11]} 44. e5 {[%clk
00:01:32]} {[%emt 00:01:15]} Qxf3+ {[%clk 00:03:17]} {[%emt 00:00:15]} 45. Kg1
{[%clk 00:02:01]} Qe3+ {[%clk 00:03:25]} {[%emt 00:00:22]} 46. Kf1 {[%clk
00:02:18]} {[%emt 00:00:13]} Qc1+ {[%clk 00:02:53]} {[%emt 00:01:01]} 47. Kg2
{[%clk 00:02:37]} {[%emt 00:00:11]} f3+ {[%clk 00:02:55]} {[%emt 00:00:29]} 48.
Kh2 {[%clk 00:01:59]} {[%emt 00:01:07]} Qf4+ {[%clk 00:03:03]} {[%emt
00:00:23]} 49. Kg1 {[%clk 00:02:26]} {[%emt 00:00:02]} Qg3+ {[%clk 00:03:19]}
{[%emt 00:00:14]} 0-1

[Event "English Womens Championships 2024"]
[Site "Kenilworth, United Kingdom"]
[Date "2024.06.21"]
[Round "4.5"]
[White "Fernando, Manel"]
[Black "Latypova, Olga L"]
[Result "0-1"]
[TimeControl "G:90 minutes + 30 seconds added per move"]
[WhiteFideId "439606"]
[BlackFideId "472476"]
[WhiteElo "1725"]
[BlackElo "1827"]

1. d4 {[%clk 01:30:58]} Nf6 {[%clk 01:30:49]} {[%emt 00:00:11]} 2. Bf4 {[%clk
01:31:10]} {[%emt 00:00:18]} g6 {[%clk 01:30:54]} {[%emt 00:00:25]} 3. h3
{[%clk 01:31:12]} {[%emt 00:00:29]} Bg7 {[%clk 01:30:44]} {[%emt 00:00:39]} 4.
Nf3 {[%clk 01:31:20]} {[%emt 00:00:23]} O-O {[%clk 01:30:03]} {[%emt 00:01:11]}
5. e3 {[%clk 01:31:36]} {[%emt 00:00:14]} d6 {[%clk 01:28:56]} {[%emt
00:01:37]} 6. c3 {[%clk 01:31:05]} {[%emt 00:01:01]} Nfd7 {[%clk 01:23:26]}
{[%emt 00:05:58]} 7. Bc4 {[%clk 01:23:52]} {[%emt 00:07:45]} h6 {[%clk
01:19:23]} {[%emt 00:04:33]} 8. O-O {[%clk 01:22:05]} {[%emt 00:02:17]} e5
{[%clk 01:18:44]} {[%emt 00:01:09]} 9. dxe5 {[%clk 01:20:50]} {[%emt 00:01:46]}
dxe5 {[%clk 01:18:55]} {[%emt 00:00:18]} 10. Bg3 {[%clk 01:21:15]} {[%emt
00:00:05]} Qe7 {[%clk 01:17:35]} {[%emt 00:01:50]} 11. Qc2 {[%clk 01:19:35]}
{[%emt 00:02:10]} Nb6 {[%clk 01:14:32]} {[%emt 00:03:33]} 12. Bb3 {[%clk
01:18:03]} {[%emt 00:02:01]} Bf5 {[%clk 01:13:58]} {[%emt 00:01:04]} 13. e4
{[%clk 01:13:21]} {[%emt 00:05:13]} Bd7 {[%clk 01:08:55]} {[%emt 00:05:33]} 14.
Nh4 {[%clk 01:12:27]} {[%emt 00:01:24]} Kh7 {[%clk 01:07:37]} {[%emt 00:01:47]}
15. Nd2 {[%clk 01:11:09]} {[%emt 00:01:50]} a5 {[%clk 01:02:14]} {[%emt
00:05:52]} 16. a4 {[%clk 01:10:05]} {[%emt 00:01:34]} Na6 {[%clk 01:00:31]}
{[%emt 00:02:13]} 17. Nc4 {[%clk 01:06:28]} {[%emt 00:04:07]} Nxc4 {[%clk
00:53:27]} {[%emt 00:07:34]} 18. Bxc4 {[%clk 01:06:10]} {[%emt 00:00:48]} Nc5
{[%clk 00:53:10]} {[%emt 00:00:46]} 19. b3 {[%clk 01:05:32]} {[%emt 00:01:08]}
Bc6 {[%clk 00:50:48]} {[%emt 00:02:52]} 20. Bd5 {[%clk 01:04:40]} {[%emt
00:01:23]} Bxd5 {[%clk 00:49:29]} {[%emt 00:01:49]} 21. exd5 {[%clk 01:04:59]}
{[%emt 00:00:11]} Rfd8 {[%clk 00:49:14]} {[%emt 00:00:45]} 22. Rad1 {[%clk
01:04:22]} {[%emt 00:01:07]} e4 {[%clk 00:41:43]} {[%emt 00:08:01]} 23. Rfe1
{[%clk 01:03:16]} {[%emt 00:01:35]} Bf6 {[%clk 00:41:15]} {[%emt 00:00:58]} 24.
Nf3 {[%clk 01:02:57]} {[%emt 00:00:50]} Nd3 {[%clk 00:40:19]} {[%emt 00:01:26]}
25. Re3 {[%clk 00:47:00]} {[%emt 00:16:27]} Rxd5 {[%clk 00:38:32]} {[%emt
00:02:17]} 26. c4 {[%clk 00:43:45]} {[%emt 00:03:46]} Rd7 {[%clk 00:36:29]}
{[%emt 00:02:32]} 27. Nd2 {[%clk 00:43:51]} {[%emt 00:00:25]} Nc5 {[%clk
00:34:17]} {[%emt 00:02:42]} 28. Rde1 {[%clk 00:39:43]} {[%emt 00:04:38]} Bd4
{[%clk 00:33:41]} {[%emt 00:01:05]} 29. R3e2 {[%clk 00:38:05]} {[%emt
00:02:09]} f5 {[%clk 00:33:05]} {[%emt 00:01:05]} 30. Nf1 {[%clk 00:35:56]}
{[%emt 00:02:40]} Qf7 {[%clk 00:32:37]} {[%emt 00:00:57]} 31. Bf4 {[%clk
00:31:15]} {[%emt 00:05:12]} Nd3 {[%clk 00:32:38]} {[%emt 00:00:29]} 32. Be3
{[%clk 00:18:54]} {[%emt 00:12:50]} Nxe1 {[%clk 00:32:33]} {[%emt 00:00:34]} 33.
Rxe1 {[%clk 00:19:22]} {[%emt 00:00:04]} Be5 {[%clk 00:31:16]} {[%emt
00:01:45]} 34. Bd2 {[%clk 00:16:45]} {[%emt 00:03:08]} Qg7 {[%clk 00:28:11]}
{[%emt 00:03:34]} 35. Ne3 {[%clk 00:16:14]} {[%emt 00:01:02]} b6 {[%clk
00:27:19]} {[%emt 00:01:22]} 36. Rd1 {[%clk 00:12:43]} {[%emt 00:04:02]} Rad8
{[%clk 00:25:38]} {[%emt 00:02:10]} 37. Kf1 {[%clk 00:10:32]} {[%emt 00:02:41]}
Rd3 {[%clk 00:21:25]} {[%emt 00:04:43]} 38. Nd5 {[%clk 00:05:22]} {[%emt
00:05:40]} Qf8 {[%clk 00:19:38]} {[%emt 00:02:16]} 39. f4 {[%clk 00:04:31]}
{[%emt 00:01:23]} Bg7 {[%clk 00:13:43]} {[%emt 00:06:24]} 40. Nxc7 {[%clk
00:04:34]} {[%emt 00:00:27]} e3 {[%clk 00:13:30]} {[%emt 00:00:42]} 41. Nd5
{[%clk 00:00:49]} {[%emt 00:04:17]} Rxd2 {[%clk 00:13:14]} {[%emt 00:00:46]}
0-1

[Event "English Womens Championships 2024"]
[Site "Kenilworth, United Kingdom"]
[Date "2024.06.21"]
[Round "4.6"]
[White "Maton, Emily"]
[Black "Ravi, Vash"]
[Result "1-0"]
[TimeControl "G:90 minutes + 30 seconds added per move"]
[WhiteFideId "343120293"]
[BlackFideId "343404901"]
[WhiteElo "1970"]
[BlackElo "1750"]

1. d4 {[%clk 01:30:59]} d5 {[%clk 01:30:03]} {[%emt 00:00:57]} 2. c4 {[%clk
01:31:23]} {[%emt 00:00:06]} e6 {[%clk 01:30:10]} {[%emt 00:00:23]} 3. Nc3
{[%clk 01:31:44]} {[%emt 00:00:10]} Nf6 {[%clk 01:30:35]} {[%emt 00:00:05]} 4.
cxd5 {[%clk 01:32:10]} {[%emt 00:00:03]} Nxd5 {[%clk 01:29:36]} {[%emt
00:01:28]} 5. e4 {[%clk 01:32:27]} {[%emt 00:00:13]} Nxc3 {[%clk 01:29:38]}
{[%emt 00:00:28]} 6. bxc3 {[%clk 01:32:54]} {[%emt 00:00:05]} g6 {[%clk
01:29:48]} {[%emt 00:00:20]} 7. Nf3 {[%clk 01:32:59]} {[%emt 00:00:24]} Bg7
{[%clk 01:30:09]} {[%emt 00:00:09]} 8. Bc4 {[%clk 01:32:31]} {[%emt 00:00:58]}
O-O {[%clk 01:30:18]} {[%emt 00:00:21]} 9. O-O {[%clk 01:32:54]} {[%emt
00:00:07]} c5 {[%clk 01:30:29]} {[%emt 00:00:19]} 10. e5 {[%clk 01:32:17]}
{[%emt 00:01:08]} Nc6 {[%clk 01:29:28]} {[%emt 00:01:31]} 11. Ba3 {[%clk
01:30:09]} {[%emt 00:02:37]} b6 {[%clk 01:27:23]} {[%emt 00:02:35]} 12. dxc5
{[%clk 01:27:53]} {[%emt 00:02:46]} Re8 {[%clk 01:26:25]} {[%emt 00:01:28]} 13.
Qxd8 {[%clk 01:21:27]} {[%emt 00:06:56]} Rxd8 {[%clk 01:26:47]} {[%emt
00:00:07]} 14. cxb6 {[%clk 01:20:48]} {[%emt 00:01:10]} axb6 {[%clk 01:27:01]}
{[%emt 00:00:16]} 15. Bd6 {[%clk 01:20:06]} {[%emt 00:01:12]} Bb7 {[%clk
01:25:46]} {[%emt 00:01:45]} 16. Rab1 {[%clk 01:13:18]} {[%emt 00:07:18]} Na5
{[%clk 01:22:01]} {[%emt 00:04:15]} 17. Be2 {[%clk 01:12:54]} {[%emt 00:00:53]}
Ba6 {[%clk 01:19:35]} {[%emt 00:02:57]} 18. Bxa6 {[%clk 01:09:54]} {[%emt
00:03:30]} Rxa6 {[%clk 01:19:57]} {[%emt 00:00:08]} 19. Bc7 {[%clk 01:08:56]}
{[%emt 00:01:28]} Rc8 {[%clk 01:16:20]} {[%emt 00:04:07]} 20. Rxb6 {[%clk
01:07:57]} {[%emt 00:01:29]} Ra7 {[%clk 01:13:55]} {[%emt 00:02:56]} 21. Bd6
{[%clk 01:01:37]} {[%emt 00:06:49]} Nc4 {[%clk 01:13:44]} {[%emt 00:00:40]} 22.
Rb3 {[%clk 01:01:08]} {[%emt 00:00:58]} Rxa2 {[%clk 01:02:35]} {[%emt
00:11:40]} 23. g3 {[%clk 00:55:32]} {[%emt 00:06:07]} Rd8 {[%clk 00:59:12]}
{[%emt 00:03:53]} 24. Be7 {[%clk 00:48:21]} {[%emt 00:07:40]} Rda8 {[%clk
00:55:07]} {[%emt 00:04:36]} 25. Bf6 {[%clk 00:45:21]} {[%emt 00:03:30]} Re2
{[%clk 00:50:05]} {[%emt 00:05:32]} 26. Rfb1 {[%clk 00:41:29]} {[%emt
00:04:22]} h6 {[%clk 00:49:24]} {[%emt 00:01:10]} 27. Nd4 {[%clk 00:39:36]}
{[%emt 00:02:25]} Re4 {[%clk 00:43:35]} {[%emt 00:06:18]} 28. Rb4 {[%clk
00:37:54]} {[%emt 00:02:13]} Nxe5 {[%clk 00:40:38]} {[%emt 00:03:27]} 29. Bxg7
{[%clk 00:38:10]} {[%emt 00:00:13]} Kxg7 {[%clk 00:39:42]} {[%emt 00:01:26]} 30.
Nxe6+ {[%clk 00:38:29]} {[%emt 00:00:11]} fxe6 {[%clk 00:40:00]} {[%emt
00:00:12]} 31. Rxe4 {[%clk 00:38:56]} {[%emt 00:00:03]} Nf3+ {[%clk 00:40:21]}
{[%emt 00:00:08]} 32. Kg2 {[%clk 00:39:19]} {[%emt 00:00:08]} Nd2 {[%clk
00:40:24]} {[%emt 00:00:27]} 33. Rb7+ {[%clk 00:39:46]} {[%emt 00:00:03]} Kf6
{[%clk 00:39:31]} {[%emt 00:01:23]} 34. Rf4+ {[%clk 00:40:11]} {[%emt
00:00:04]} Ke5 {[%clk 00:39:34]} {[%emt 00:00:28]} 35. Rb5+ {[%clk 00:40:37]}
{[%emt 00:00:05]} Kd6 {[%clk 00:39:37]} {[%emt 00:00:27]} 36. Rd4+ {[%clk
00:41:01]} {[%emt 00:00:04]} Kc6 {[%clk 00:39:44]} {[%emt 00:00:24]} 37. Rb2
{[%clk 00:41:25]} {[%emt 00:00:05]} 1-0

[Event "English Womens Championships 2024"]
[Site "Kenilworth, United Kingdom"]
[Date "2024.06.21"]
[Round "4.7"]
[White "Varney, Zoe"]
[Black "Singha, Swati"]
[Result "1-0"]
[TimeControl "G:90 minutes + 30 seconds added per move"]
[WhiteFideId "436135"]
[BlackFideId "45013004"]
[WhiteElo "2070"]
[BlackElo "1719"]

1. e4 {[%clk 01:29:34]} {[%emt 00:01:25]} e5 {[%clk 01:30:57]} {[%emt
00:00:04]} 2. Nf3 {[%clk 01:29:32]} {[%emt 00:00:32]} Nc6 {[%clk 01:31:22]}
{[%emt 00:00:04]} 3. d4 {[%clk 01:29:52]} {[%emt 00:00:11]} exd4 {[%clk
01:31:09]} {[%emt 00:00:44]} 4. Nxd4 {[%clk 01:30:12]} {[%emt 00:00:09]} Nxd4
{[%clk 01:30:43]} {[%emt 00:00:56]} 5. Qxd4 {[%clk 01:30:33]} {[%emt 00:00:09]}
d6 {[%clk 01:30:33]} {[%emt 00:00:40]} 6. Nc3 {[%clk 01:30:38]} {[%emt
00:00:25]} Nf6 {[%clk 01:30:00]} {[%emt 00:01:04]} 7. Bf4 {[%clk 01:30:50]}
{[%emt 00:00:17]} c5 {[%clk 01:27:40]} {[%emt 00:02:51]} 8. Qd2 {[%clk
01:27:50]} {[%emt 00:03:28]} a6 {[%clk 01:25:53]} {[%emt 00:02:17]} 9. O-O-O
{[%clk 01:27:14]} {[%emt 00:01:07]} b5 {[%clk 01:23:10]} {[%emt 00:03:13]} 10.
e5 {[%clk 01:23:29]} {[%emt 00:04:14]} b4 {[%clk 01:16:51]} {[%emt 00:06:50]}
11. exf6 {[%clk 01:14:21]} {[%emt 00:09:38]} bxc3 {[%clk 01:16:59]} {[%emt
00:00:21]} 12. Qxc3 {[%clk 01:14:20]} {[%emt 00:00:31]} Qxf6 {[%clk 01:06:50]}
{[%emt 00:10:39]} 13. Qxf6 {[%clk 01:14:08]} {[%emt 00:00:42]} gxf6 {[%clk
01:07:16]} {[%emt 00:00:05]} 14. Bxd6 {[%clk 01:14:13]} {[%emt 00:00:24]} Be6
{[%clk 01:05:15]} {[%emt 00:02:32]} 15. Be2 {[%clk 01:09:13]} {[%emt 00:05:29]}
Bxd6 {[%clk 00:56:33]} {[%emt 00:09:11]} 16. Rxd6 {[%clk 01:09:36]} {[%emt
00:00:07]} c4 {[%clk 00:56:09]} {[%emt 00:00:55]} 17. Rhd1 {[%clk 01:06:16]}
{[%emt 00:03:50]} Rg8 {[%clk 00:54:49]} {[%emt 00:01:50]} 18. Bf3 {[%clk
01:06:28]} {[%emt 00:00:17]} Rb8 {[%clk 00:53:41]} {[%emt 00:01:38]} 19. Rxa6
{[%clk 01:06:17]} {[%emt 00:00:42]} Rg5 {[%clk 00:53:11]} {[%emt 00:01:00]} 20.
Ra8 {[%clk 00:59:38]} {[%emt 00:07:08]} Rxa8 {[%clk 00:53:12]} {[%emt
00:00:30]} 21. Bxa8 {[%clk 01:00:01]} {[%emt 00:00:07]} Ra5 {[%clk 00:51:41]}
{[%emt 00:02:02]} 22. Bc6+ {[%clk 01:00:25]} {[%emt 00:00:05]} Kf8 {[%clk
00:51:50]} {[%emt 00:00:21]} 23. a4 {[%clk 00:58:56]} {[%emt 00:01:58]} Re5
{[%clk 00:43:34]} {[%emt 00:08:46]} 24. f4 {[%clk 00:57:18]} {[%emt 00:02:08]}
Rc5 {[%clk 00:36:51]} {[%emt 00:07:14]} 25. Bf3 {[%clk 00:51:47]} {[%emt
00:06:01]} Ra5 {[%clk 00:34:54]} {[%emt 00:02:27]} 26. Rd8+ {[%clk 00:51:29]}
{[%emt 00:00:48]} Ke7 {[%clk 00:31:08]} {[%emt 00:04:15]} 27. Ra8 {[%clk
00:51:48]} {[%emt 00:00:10]} Rxa8 {[%clk 00:21:14]} {[%emt 00:10:26]} 28. Bxa8
{[%clk 00:52:13]} {[%emt 00:00:06]} Kd6 {[%clk 00:20:55]} {[%emt 00:00:48]} 29.
a5 {[%clk 00:52:24]} {[%emt 00:00:19]} Kc7 {[%clk 00:20:52]} {[%emt 00:00:34]}
30. a6 {[%clk 00:52:31]} {[%emt 00:00:23]} Bc8 {[%clk 00:20:40]} {[%emt
00:00:41]} 31. Bb7 {[%clk 00:52:13]} {[%emt 00:00:48]} Be6 {[%clk 00:15:13]}
{[%emt 00:05:57]} 32. Kd2 {[%clk 00:52:24]} {[%emt 00:00:19]} h5 {[%clk
00:12:39]} {[%emt 00:03:04]} 33. Kc3 {[%clk 00:52:14]} {[%emt 00:00:40]} h4
{[%clk 00:12:28]} {[%emt 00:00:41]} 34. Kd4 {[%clk 00:52:34]} {[%emt 00:00:10]}
h3 {[%clk 00:11:05]} {[%emt 00:01:53]} 35. gxh3 {[%clk 00:52:56]} {[%emt
00:00:09]} Bxh3 {[%clk 00:11:19]} {[%emt 00:00:10]} 36. Kxc4 {[%clk 00:53:16]}
{[%emt 00:00:16]} Kb6 {[%clk 00:11:14]} {[%emt 00:00:35]} 37. Kb4 {[%clk
00:53:17]} {[%emt 00:00:28]} Bf1 {[%clk 00:09:56]} {[%emt 00:01:47]} 38. c4
{[%clk 00:53:36]} {[%emt 00:00:12]} Bh3 {[%clk 00:07:41]} {[%emt 00:02:46]} 39.
c5+ {[%clk 00:54:01]} {[%emt 00:00:05]} Kc7 {[%clk 00:07:31]} {[%emt 00:00:40]}
40. Ka5 {[%clk 00:54:24]} {[%emt 00:00:06]} Be6 {[%clk 00:06:05]} {[%emt
00:01:57]} 41. c6 {[%clk 00:54:41]} {[%emt 00:00:12]} Kb8 {[%clk 00:03:37]}
{[%emt 00:02:59]} 42. Kb6 {[%clk 00:55:04]} {[%emt 00:00:06]} 1-0

[Event "English Womens Championships 2024"]
[Site "Kenilworth, United Kingdom"]
[Date "2024.06.21"]
[Round "4.8"]
[White "Hariharan, Shambavi"]
[Black "Mehta, Sophie"]
[Result "1-0"]
[TimeControl "G:90 minutes + 30 seconds added per move"]
[WhiteFideId "488160"]
[BlackFideId "487996"]
[WhiteElo "1900"]
[BlackElo "1670"]

1. d4 {[%clk 01:30:58]} {[%emt 00:00:02]} Nf6 {[%clk 01:30:54]} {[%emt
00:00:06]} 2. Nf3 {[%clk 01:31:16]} {[%emt 00:00:11]} g6 {[%clk 01:31:01]}
{[%emt 00:00:23]} 3. c4 {[%clk 01:31:33]} {[%emt 00:00:14]} d6 {[%clk
01:30:49]} {[%emt 00:00:41]} 4. g3 {[%clk 01:32:00]} {[%emt 00:00:04]} Bg7
{[%clk 01:31:00]} {[%emt 00:00:18]} 5. Bg2 {[%clk 01:32:22]} {[%emt 00:00:09]}
Nc6 {[%clk 01:30:03]} {[%emt 00:01:25]} 6. O-O {[%clk 01:32:02]} {[%emt
00:00:52]} O-O {[%clk 01:30:01]} {[%emt 00:00:32]} 7. d5 {[%clk 01:30:55]}
{[%emt 00:01:37]} Na5 {[%clk 01:27:20]} {[%emt 00:03:10]} 8. Nfd2 {[%clk
01:27:51]} {[%emt 00:03:35]} b6 {[%clk 01:26:57]} {[%emt 00:00:53]} 9. Nc3
{[%clk 01:27:12]} {[%emt 00:01:09]} Ba6 {[%clk 01:22:42]} {[%emt 00:04:29]} 10.
Qa4 {[%emt 00:02:51]} Nd7 {[%clk 01:17:00]} {[%emt 00:06:10]} 11. Nb5 {[%clk
01:15:44]} {[%emt 00:09:55]} Bxb5 {[%clk 00:57:37]} {[%emt 00:19:53]} 12. cxb5
{[%clk 01:15:43]} {[%emt 00:00:32]} a6 {[%clk 00:55:52]} {[%emt 00:02:15]} 13.
bxa6 {[%clk 01:13:01]} {[%emt 00:03:12]} Rxa6 {[%clk 00:56:04]} {[%emt
00:00:16]} 14. Rb1 {[%clk 01:11:05]} {[%emt 00:02:28]} Nc5 {[%clk 00:53:35]}
{[%emt 00:02:55]} 15. Qc2 {[%clk 01:04:40]} {[%emt 00:06:59]} Nab7 {[%clk
00:53:08]} {[%emt 00:00:55]} 16. a3 {[%clk 01:02:10]} {[%emt 00:03:01]} Nd7
{[%clk 00:51:44]} {[%emt 00:01:53]} 17. b4 {[%clk 01:01:12]} {[%emt 00:01:29]}
Ra7 {[%clk 00:47:22]} {[%emt 00:04:34]} 18. Ne4 {[%clk 00:59:46]} {[%emt
00:02:14]} Nf6 {[%clk 00:45:58]} {[%emt 00:01:54]} 19. Nc3 {[%clk 00:59:37]}
{[%emt 00:00:39]} Qd7 {[%clk 00:43:52]} {[%emt 00:02:33]} 20. Bb2 {[%clk
00:53:47]} {[%emt 00:06:23]} Rfa8 {[%clk 00:40:26]} {[%emt 00:03:56]} 21. Qd3
{[%clk 00:52:29]} {[%emt 00:01:49]} Ng4 {[%clk 00:39:25]} {[%emt 00:01:27]} 22.
f4 {[%clk 00:48:47]} {[%emt 00:04:15]} Nh6 {[%clk 00:36:10]} {[%emt 00:03:38]}
23. Rfc1 {[%clk 00:42:51]} {[%emt 00:06:33]} Rc8 {[%clk 00:32:32]} {[%emt
00:04:06]} 24. Nb5 {[%clk 00:40:48]} {[%emt 00:02:35]} Raa8 {[%clk 00:32:13]}
{[%emt 00:00:49]} 25. Bxg7 {[%clk 00:40:22]} {[%emt 00:00:57]} Kxg7 {[%clk
00:32:33]} {[%emt 00:00:09]} 26. Rc3 {[%clk 00:40:19]} {[%emt 00:00:33]} Nd8
{[%clk 00:27:47]} {[%emt 00:05:16]} 27. Rbc1 {[%clk 00:39:39]} {[%emt
00:01:10]} Ng8 {[%clk 00:25:37]} {[%emt 00:02:41]} 28. Rxc7 {[%clk 00:36:40]}
{[%emt 00:03:29]} Rxc7 {[%clk 00:25:44]} {[%emt 00:00:24]} 29. Rxc7 {[%clk
00:36:40]} {[%emt 00:00:29]} Qf5 {[%clk 00:25:31]} {[%emt 00:00:42]} 30. e4
{[%clk 00:36:29]} {[%emt 00:00:42]} Qf6 {[%clk 00:25:12]} {[%emt 00:00:47]} 31.
Qc3 {[%clk 00:32:56]} {[%emt 00:04:05]} Qxc3 {[%clk 00:25:26]} {[%emt
00:00:16]} 32. Rxc3 {[%clk 00:33:22]} {[%emt 00:00:04]} h6 {[%clk 00:24:20]}
{[%emt 00:01:36]} 33. Rc7 {[%clk 00:27:32]} {[%emt 00:06:20]} Rb8 {[%clk
00:22:28]} {[%emt 00:02:23]} 34. e5 {[%clk 00:26:21]} {[%emt 00:01:41]} Rb7
{[%clk 00:22:07]} {[%emt 00:00:50]} 35. Rc8 {[%clk 00:25:59]} {[%emt 00:00:52]}
Rd7 {[%clk 00:22:08]} {[%emt 00:00:30]} 36. Bh3 {[%clk 00:25:58]} {[%emt
00:00:30]} e6 {[%clk 00:22:13]} {[%emt 00:00:25]} 37. dxe6 {[%clk 00:24:15]}
{[%emt 00:02:14]} f6 {[%clk 00:21:58]} {[%emt 00:00:44]} 38. e7 {[%clk
00:23:58]} 1-0